Análisis numérico y visualización grafica con MATLAB

Bibliographic Details
Main Author: Nakamura, Shoichiro
Format: Section = Libro
Language:Undetermined
Spanish
Published: México Prentice Hall 1997
Subjects:
LEADER 00602nam a2200217Ia 4500
008 240829s9999 xx 000 0 und d
020 |a 968-880-860-1 
040 |a BIBLIOTECA-RUSB/ 515 N163 
041 |a spa 
082 |a 515 N163 
100 1 |a Nakamura, Shoichiro 
245 1 0 |a Análisis numérico y visualización grafica con MATLAB 
260 |a México  |b Prentice Hall  |c 1997 
300 |a 476 p. :il. 
650 7 |a ANALISIS NUMERICO 
650 7 |b  FUNCIONES MATEMATICAS - MATLAB 
650 7 |c  GRAFICAS MATLAB 
650 7 |d  INTEGRACION NUMERICA 
942 |c BK  |2 ddc 
991 |a TEXTO 
999 |c 1591